Bandera de Europea Aleatoria al País - Estadísticas

Estadísticas generales
  • Esta prueba ha sido intentada 19.540 veces
  • La puntuación promedio es 9 de 10
Estadísticas de respuestas
Imagen Respuesta % Correcto
España
97%
Portugal
97%
Alemania
96%
Francia
96%
Italia
96%
Grecia
95%
Irlanda
95%
Noruega
95%
Reino Unido
95%
Suecia
95%
Suiza
95%
Ucrania
95%
Bélgica
94%
Croacia
93%
Finlandia
93%
Países Bajos
93%
Polonia
93%
Rusia
93%
Albania
92%
Ciudad del Vaticano
91%
Macedonia del Norte
91%
Andorra
90%
Dinamarca
90%
República Checa
90%
Rumania
90%
Islandia
89%
San Marino
89%
Austria
88%
Estonia
88%
Serbia
86%
Eslovaquia
85%
Eslovenia
85%
Hungría
85%
Malta
85%
Bosnia y Herzegovina
84%
Luxemburgo
84%
Kosovo
83%
Bielorrusia
82%
Bulgaria
82%
Montenegro
81%
Letonia
79%
Lituania
79%
Moldavia
78%
Mónaco
78%
Liechtenstein
69%
No se encontraron pruebas coincidentes
Distribución de puntuación
Porcentaje de gente con cada puntuación
Porcentaje por número respondido
Historial de tus puntuaciones
No has intentado esta prueba.